LEADER 02889nam 22006734a 450 001 9910172245203321 005 20251116173324.0 010 $a1-134-58866-6 010 $a0-203-13027-8 010 $a1-134-58867-4 010 $a0-203-17013-X 010 $a1-280-40116-8 010 $a9786610401161 024 7 $a10.4324/9780203130278 035 $a(CKB)1000000000254554 035 $a(EBL)165742 035 $a(OCoLC)277598775 035 $a(SSID)ssj0000141899 035 $a(PQKBManifestationID)11136191 035 $a(PQKBTitleCode)TC0000141899 035 $a(PQKBWorkID)10090958 035 $a(PQKB)11697372 035 $a(MiAaPQ)EBC165742 035 $a(Au-PeEL)EBL165742 035 $a(CaPaEBR)ebr10017747 035 $a(CaONFJC)MIL40116 035 $a(OCoLC)48139110 035 $a(EXLCZ)991000000000254554 100 $a19991214d2000 uy 0 101 0 $aeng 135 $aur|n|---||||| 181 $ctxt 182 $cc 183 $acr 200 14$aThe dying process $epatients' experiences of palliative care /$fJulia Lawton 205 $a1st ed. 210 $aLondon ;$aNew York $cRoutledge$d2000 215 $a1 online resource (240 p.) 300 $aDescription based upon print version of record. 311 08$a0-415-22679-1 311 08$a0-415-22678-3 320 $aIncludes bibliographical references (p. 205-222) and indexes. 327 $aBook Cover; Title; Contents; Preface and acknowledgements; Introduction; Day care: a safe retreat; Preface to Chapters 3 and 4; changing contexts: entering the hospice; 'Body-subject' to 'body-object': hospice care and the dying patient; Inpatient hospice care: the sequestration of the unbounded body and 'dirty dying'; Invisible suffering: the social death; Final reflections; Appendix A; Appendix B; Notes; Bibliography; Name index; Subject index 330 $aTaking as its focus a highly emotive area of study, The Dying Process draws on the experiences of daycare and hospice patients to provide a forceful new analysis of the period of decline prior to death.Placing the bodily realities of dying very firmly centre stage and questioning the ideology central to the modern hospice movement of enabling patients to 'live until they die', Julia Lawton shows how our concept of a 'good death' is open to interpretation. Her study examines the non-negotiable effects of a patient's bodily deterioration on their sense of self and, in so doing, 606 $aPalliative treatment 606 $aTerminal care 606 $aDeath 615 0$aPalliative treatment. 615 0$aTerminal care. 615 0$aDeath. 676 $a362.1/75 700 $aLawton$b Julia$f1969-$01761803 801 0$bMiAaPQ 801 1$bMiAaPQ 801 2$bMiAaPQ 906 $aBOOK 912 $a9910172245203321 996 $aThe dying process$94201443 997 $aUNINA